000 01084nam a2200229Ia 4500
001 11388
003 GE_BSU
008 181216s||||||||xx |||||||||||||| ||und||
040 _cGE_BSU
080 _a902.2(479.22)
100 _aბოხოჩაძე ა.
245 _aმევენახეობა-მეღვინეობა ძველ საქართველოში არქეოლოგიურო მასალების მიხედვით
245 _b(უძველესი დროიდან ახ.წ.XII-XIII საუკუნეებამდე
245 _cრედ: ა. კალანდაძე
260 _aთბილისი.
260 _bმეც. აკად. გამ-ბა
260 _c1963
300 _a197გვ.22სმ.
300 _eტაბულები
653 _aმევენახეობა-მეღვინეობა ძველ საქართველოში არქეოლოგიურო მასალების მიხედვით
942 _cBK
999 _c44585
_d44585